Frutales menores: nuevas alternativas de cultivo: proyecto

I tiakina i:
Ngā taipitopito rārangi puna kōrero
Kaituhi matua: Sudzuki Hills, Fusa (Author)
Hōputu: Pukapuka
Reo:Pāniora
I whakaputaina: Santiago Universidad de Chile 1993
Ngā marau:
Ngā Tūtohu: Tāpirihia he Tūtohu
Kāore He Tūtohu, Me noho koe te mea tuatahi ki te tūtohu i tēnei pūkete!

MARC

LEADER 00000nam a2200000 a 4500
001 UCR4073
003 CL-VaPUC
008 980307e19930000CL |||||||||||||||||spa|d
082 0 4 |a 634.4  |b SUD  |2 21 
100 0 |a Sudzuki Hills, Fusa  |e author  |9 403648 
245 1 0 |a Frutales menores: nuevas alternativas de cultivo: proyecto 
300 |a 286 p 
942 |c BK 
945 |d 19980307 00:00:00  |a rleighto 
260 |a Santiago  |b Universidad de Chile  |c 1993 
650 0 |a Árboles frutales   |9 264297 
650 0 |a Cultivos  |9 264356 
650 7 |a PRODUCCION MUNDIAL  |2 CL-VaPUC  |9 402954 
650 7 |a EXPORTACION NACIONAL  |2 CL-VaPUC  |9 403649 
650 7 |a COMERCIO INTERNACIONAL  |2 CL-VaPUC  |9 403650 
650 0 |a Injerto  |9 402803 
650 0 |a Propagación de plantas  |9 339631 
650 0 |a Poda  |9 259686 
650 0 |a Fertilización   |9 259681 
583 |a last modification  |c 19980307 00:00:00  |k Rodrigo Vera 
999 |c 267029  |d 267027 
952 |0 0  |1 0  |4 0  |6 634_400000000000000_SUD_1993  |7 0  |8 P  |9 299118  |a BIBAGR  |b BIBAGR  |d 2019-11-20  |i 3397424  |o 634.4 SUD 1993  |p 3397424  |r 2025-01-20  |w 2019-11-20  |y BK  |k AGR